[Event "Syre Memorial op 35th"]
[Site "Issy les Moulineaux"]
[Date "2012.05.20"]
[Round "6"]
[White "Payen, Arnaud"]
[Black "Cita, Mickael"]
[Result "1-0"]
[WhiteElo "2347"]
[BlackElo "1997"]
[PlyCount "135"]
[EventDate "2012.05.17"]
[EventType "swiss"]
[EventRounds "6"]
[EventCountry "FRA"]
[SourceTitle "EXT 2015"]
[Source "ChessBase"]
[SourceDate "2014.11.20"]
[SourceVersion "1"]
[SourceVersionDate "2014.11.20"]
[SourceQuality "1"]

1. d4 Nf6 2. c4 e6 3. g3 Bb4+ 4. Bd2 Qe7 5. Bg2 0-0 6. e3 Nc6 7. Ne2 Bxd2+ 8. Qxd2 Qb4 9. Bxc6 Qxd2+ 10. Nxd2 bxc6 11. Nc3 d6 12. Rc1 e5 13. dxe5 dxe5 14. Ke2 Rb8 15. b3 Bf5 16. e4 Be6 17. Na4 Rfd8 18. Nc5 Bh3 19. Rhd1 Nd7 20. Nxd7 Rxd7 21. Nb1 Rbd8 22. Rxd7 Rxd7 23. Nc3 Kf8 24. Ke3 f6 25. f3 Be6 26. Na4 Ke7 27. Nc5 Rd4 28. Na6 Bc8 29. Nb4 Bb7 30. Nd3 Bc8 31. h4 h5 32. Rg1 Rd8 33. f4 Ke6 34. Rf1 g6 35. fxe5 fxe5 36. Rf3 Rg8 37. Nc5+ Ke7 38. Nd3 Ke6 39. Nf2 Ke7 40. Kd2 Bg4 41. Re3 Rf8 42. Nd3 Ke6 43. Kc3 Rf3 44. Rxf3 Bxf3 45. Nc5+ Kd6 46. Nb7+ Ke7 47. Kd3 Kd7 48. Kc3 Ke7 49. Kd3 Kd7 50. a3 Ke7 51. c5 Bd1 52. Na5 Kd7 53. Nc4 Ke6 54. Kc3 Bf3 55. Kd3 Bd1 56. Nd2 Ke7 57. Kc3 Be2 58. Kb4 Kd7 59. Ka5 Kc8 60. a4 Kb7 61. Kb4 Kb8 62. Kc3 Kb7 63. b4 a6 64. Nb3 Kc8 65. Kd2 Bf1 66. Ke3 Bh3 67. Nd2 Kd7 68. Nf3 1-0

[Event "Syre Memorial op 35th"]
[Site "Issy les Moulineaux"]
[Date "2012.05.17"]
[Round "2"]
[White "Brault, Julien"]
[Black "Cita, Mickael"]
[Result "0-1"]
[WhiteElo "1821"]
[BlackElo "1997"]
[PlyCount "57"]
[EventDate "2012.05.17"]
[EventType "swiss"]
[EventRounds "6"]
[EventCountry "FRA"]
[SourceTitle "EXT 2015"]
[Source "ChessBase"]
[SourceDate "2014.11.20"]
[SourceVersion "1"]
[SourceVersionDate "2014.11.20"]
[SourceQuality "1"]

1. d4 Nf6 2. Nf3 e6 3. c4 Bb4+ 4. Bd2 Qe7 5. g3 0-0 6. Bg2 a5 7. 0-0 Bxd2 8. Qxd2 d6 9. Nc3 Nbd7 10. e4 e5 11. d5 Nc5 12. Ne1 a4 13. Rb1 Nfd7 14. b4 axb3 15. axb3 Nb6 16. Nd3 Bd7 17. Nxc5 dxc5 18. f4 f6 19. f5 Nc8 20. Bf3 Nd6 21. Ra1 Rfb8 22. Ra2 Qe8 23. Rf2 Rxa2 24. Nxa2 b6 25. g4 Kh8 26. g5 Qe7 27. Rg2 Nf7 28. g6 Ng5 29. Qf2 0-1

[Event "Syre Memorial op 31st"]
[Site "Issy les Moulineaux"]
[Date "2008.05.01"]
[Round "2"]
[White "Veron, Cyprien"]
[Black "Cita, Mickael"]
[Result "1/2-1/2"]
[WhiteElo "2109"]
[BlackElo "1940"]
[PlyCount "60"]
[EventDate "2008.05.01"]
[EventType "swiss"]
[EventRounds "6"]
[EventCountry "FRA"]
[SourceTitle "EXT 2010"]
[Source "ChessBase"]
[SourceDate "2010.11.25"]
[SourceVersion "1"]
[SourceVersionDate "2010.11.25"]
[SourceQuality "1"]

1. Nf3 Nf6 2. c4 g6 3. g3 Bg7 4. Bg2 d5 5. cxd5 Nxd5 6. 0-0 0-0 7. d4 Nb6 8. Nc3 Nc6 9. d5 Na5 10. e4 c6 11. Nd4 cxd5 12. exd5 e6 13. Nb3 Nxb3 14. Qxb3 exd5 15. Nxd5 Be6 16. Rd1 Nxd5 17. Bxd5 Bxd5 18. Rxd5 Qe7 19. Be3 b6 20. Rad1 Rfd8 21. Qd3 Bf6 22. Kf1 Rxd5 23. Qxd5 Rd8 24. Qxd8+ Qxd8 25. Rxd8+ Bxd8 26. Ke2 Kf8 27. Kd3 Ke8 28. Kc4 a6 29. Kd5 Kd7 30. g4 b5 1/2-1/2